En defensa de la felicidad un auténtico tratado de la felicidad, a la vez que una convincente guía para nuestros individualismos carentes de puntos de referencia (Registro nro. 165062)
[ vista simple ]
| 000 -ENCABEZADO | |
|---|---|
| Número de control [NR] | 01028nam a22002537a 4500 |
| 005 - FECHA Y HORA DE LA ÚLTIMA TRANSACCIÓN | |
| control field | 20180312143025.0 |
| 008 - DE LONGITUD FIJA DE DATOS DE ELEMENTOS - INFORMACIÓN GENERAL | |
| Elementos de longitud fija [NR] | 130821s2005 sp gr spa |
| 020 ## - NUMERO INTERNACIONAL NORMALIZADO PARA LIBROS [R] | |
| Número Internacional Normalizado del libro [NR] | 9788479537845 |
| 040 ## - FUENTE DE CATALOGACION [NR] | |
| Agencia de catalogación original [NR] | Co-BoUCM |
| Idioma de catalogación [NR] | spa |
| Quien Cataloga | Luz Cupitra (modificó) |
| Quien Clasifica | Aldemar Mondragón |
| 041 00 - CODIGO DE IDIOMA [R] | |
| Código de idioma para texto/pista de sonido o título separado [R] | Español |
| 100 1# - ASIENTO PRINCIPAL--NOMBRE PERSONAL [NR] | |
| Nombre personal [NR] | Ricard, Matthieu |
| ID Autoridad | 29858 |
| 245 10 - MENCION DE TITULO [NR] | |
| Título [NR] | En defensa de la felicidad un auténtico tratado de la felicidad, a la vez que una convincente guía para nuestros individualismos carentes de puntos de referencia |
| Mención de responsabilidad, etc. [NR] | Matthieu Ricard ; traducción, Teresa Clavel |
| 260 ## - PUBLICACION, DISTRIBUCION, ETC. (PIE DE IMPRENTA) [R] | |
| Lugar de publicación, distribución, etc. [R] | Barcelona (España) |
| Nombre del editor, distribuidor, etc. [R] | Ediciones Urano |
| Fecha de publicación, distribución, etc. [R] | 2005 |
| 300 ## - DESCRIPCION FISICA [R] | |
| Extensión [R] | 347 páginas |
| 504 ## - NOTA DE BIBLIOGRAFIA, ETC. [R] | |
| Nota de bibliografía, etc. [NR] | Incluye referencias bibliográficas |
| 650 ## - ASIENTO SECUNDARIO DE MATERIA - TERMINO TEMATICO [R] | |
| Término temático o nombre geográfico como elemento de entrada [NR] | Teología |
| 9 (RLIN) | 25230 |
| 650 #7 - ASIENTO SECUNDARIO DE MATERIA - TERMINO TEMATICO [R] | |
| Término temático o nombre geográfico como elemento de entrada [NR] | Budismo |
| 9 (RLIN) | 10234 |
| 650 #7 - ASIENTO SECUNDARIO DE MATERIA - TERMINO TEMATICO [R] | |
| Término temático o nombre geográfico como elemento de entrada [NR] | Felicidad |
| Subdivisión general [R] | Aspectos religiosos |
| Fuente del encabezamiento o término [NR] | embne |
| 9 (RLIN) | 29859 |
| 650 #7 - ASIENTO SECUNDARIO DE MATERIA - TERMINO TEMATICO [R] | |
| Término temático o nombre geográfico como elemento de entrada [NR] | Salud mental |
| 9 (RLIN) | 23947 |
| 700 1# - ASIENTO SECUNDARIO - NOMBRE PERSONAL [R] | |
| Nombre personal [NR] | Clavel, Teresa |
| Término de relación [R] | traductor |
| 9 (RLIN) | 29860 |
| 765 ## - ASIENTO DE IDIOMA ORIGINAL [R] | |
| Título [NR] | Plaidoyer pour le bonheur |
| 942 ## - ELEMENTOS DE ENTRADA AGREGADOS (KOHA) | |
| Tipo de ítem principal el descrito en 300a | Libro |
| Tema principal | Religión |
| Edición | 1 |
| Parte restante de la signatura top. | R487e |
| Sistema de clasificación | DEWEY |
| Clasificación | 294.3444 |
| Título oculto en OPAC | No |
| Fecha de último préstamo | Total préstamos | Total Renewals | Signatura topográfica | Código de barras | Última vez visto | Ejemplar | Costo de reposición | Price effective from | Tipo de ítem | Perdido | Sistema de clasificación | Dañado | No prestable | Tipo de ítem específico | Suprimido | Ubicación habitual | Ubicación actual | Localización | Fecha de creación | Proveedor | Forma de adquisición | Costo |
|---|---|---|---|---|---|---|---|---|---|---|---|---|---|---|---|---|---|---|---|---|---|---|
| 20/02/2020 | 8 | 3 | 294.3444 R487e | 200024481 | 11/12/2025 | Ej.2 | 25500.00 | 22/02/2013 | Libro | DEWEY | Libro | Quinta de Mutis | Quinta de Mutis | Mezanecs | 22/02/2013 | 15 | Compra | 25500.00 | ||||
| 21/01/2020 | 9 | 24 | 294.3444 R487e | 200024480 | 11/12/2025 | Ej.1 | 25500.00 | 22/02/2013 | Libro | DEWEY | Libro | Quinta de Mutis | Quinta de Mutis | Mezanecs | 22/02/2013 | 15 | Compra | 25500.00 |